| 000 | 01066cam a2200301 4500 | ||
|---|---|---|---|
| 001 | J3576 | ||
| 008 | 090401t1995 xxu||||| |||| 00| 0 eng d | ||
| 035 | _a(Sirsi) u55912 | ||
| 041 | _aeng | ||
| 050 | _a333.2 | ||
| 110 |
_aLand Trusts Association _93224 |
||
| 245 | _aOccasional papers. - No. 4 (November 1995) | ||
| 260 |
_aLondon _bLand Trusts Association _c1995 |
||
| 300 | _aii,18p. ; 21cm. | ||
| 350 | _a0 | ||
| 520 | _aPapers:- Cranborne Chase & the Rushmore Estate./ FERENS, RICHARD - Agricultural tenancy reform./ GIBBARD, ROGER - The National Forest : a view./ NEILSON, ROBIN - Charitable trusts owning land : the requirements of the Charity Commissioners./ MILES, CHARLES - The Woodland Trust./ BODDINGTON, MICHAEL. | ||
| 650 | _aAGRICULTURAL TENANCIES ACT 1995 | ||
| 650 | _aCHARITABLE TRUSTS | ||
| 650 | _aCHARITY COMMISSIONERS | ||
| 650 | _aCRANBORNE CHASE | ||
| 650 | _aLAND TRUSTS | ||
| 650 | _aNATIONAL FOREST | ||
| 650 | _aRUSHMORE ESTATE | ||
| 650 | _aWOODLAND TRUST | ||
| 690 | _aLAND | ||
| 942 | _n0 | ||
| 948 | _c04/03/1997 | ||
| 999 |
_c93675 _d93675 |
||